Engineering Design III (Record no. 7246)

MARC details
000 -LEADER
fixed length control field 00500nam a22001937a 4500
003 - CONTROL NUMBER IDENTIFIER
control field OSt
005 - DATE AND TIME OF LATEST TRANSACTION
control field 20210921101609.0
008 - FIXED-LENGTH DATA ELEMENTS--GENERAL INFORMATION
fixed length control field 210921b ||||| |||| 00| 0 eng d
020 ## - INTERNATIONAL STANDARD BOOK NUMBER
International Standard Book Number 0340337761
040 ## - CATALOGING SOURCE
Transcribing agency DDC
082 ## - DEWEY DECIMAL CLASSIFICATION NUMBER
Classification number 620KEM1984.
100 ## - MAIN ENTRY--PERSONAL NAME
Personal name Kempster M.H.A.
9 (RLIN) 14882
245 ## - TITLE STATEMENT
Title Engineering Design III
Statement of responsibility, etc. Kempster M.H.A.
260 ## - PUBLICATION, DISTRIBUTION, ETC. (IMPRINT)
Place of publication, distribution, etc. London
Name of publisher, distributor, etc. Hodder And Stoughton
Date of publication, distribution, etc. 1984
300 ## - PHYSICAL DESCRIPTION
Extent vii,180p;
Other physical details ill;
Dimensions 26cm
504 ## - BIBLIOGRAPHY, ETC. NOTE
Bibliography, etc Includes;Index.
650 ## - SUBJECT ADDED ENTRY--TOPICAL TERM
Topical term or geographic name as entry element Physics
9 (RLIN) 809
942 ## - ADDED ENTRY ELEMENTS (KOHA)
Source of classification or shelving scheme Dewey Decimal Classification
Koha item type Open Shelf
Holdings
Withdrawn status Lost status Source of classification or shelving scheme Damaged status Not for loan Home library Current library Date acquired Source of acquisition Inventory number Total Checkouts Full call number Barcode Date last seen Price effective from Koha item type
    Dewey Decimal Classification     MUST Main Library MUST Main Library 21/09/2021 Donation 2001/16180   620KEM1984. 2021-1185 21/09/2021 21/09/2021 Open Shelf
    Other/Generic Classification Scheme     Main Kihumuro Campus Main Kihumuro Campus 05/06/2024 Donation     620KEM1984. 2024-20218 05/06/2024 05/06/2024 Book
    Dewey Decimal Classification     Main Kihumuro Campus Main Kihumuro Campus 31/07/2024 Donation 2001/16182   620KEM1984. 2024-22243 31/07/2024 31/07/2024 Book